01623ngm a22003137a 450000500170000000700100001700800410002705000270006824500930009526000500018830000770023830600110031550801440032651101250047052001570059552100250075253800120077754600890078958601640087865000270104270000310106970000310110070000460113170000270117770000260120470000240123070000290125470000260128320160701112835.0vd bsairk160701t20091942 102|a |||| s0| vleng d04aPN1997 .C352bC37 200900aCasablanca cdirector, Michael Curtiz ; productor, Hal B. Wallis.h[videograbación] /  aMéxico :bWarner Home Video México,c2009 a1 videodisco (102 min.) : bstereo y monol, blanco y negro,c 4 3/4 plg. a000102 aDirector de fotografía, Arthur Edeson ; editor, Owen Marks ; guionistas, Julius J. Philip G. Epstein, Howard Koch ; música Max Steiner.1 aHumphrey Bogart, Ingrid Bergman, Paul Henreid, Claude Rains, Conrad Veidt, Sydney Greenstreet, Peter Lorre, S.Z. Sakall. aEn Casablanca, Marruecos en diciembre de 1941, un expatriado estadounidense cínico se encuentra con un antiguo amante, con complicaciones imprevistas. aClasificación "A"  aBlu ray aInglés, francés y español con subtítulos en inglés, francés y español. aGanadora de tres premios de la academia: Mejor imagen, mejor director Michael Curtiz, mejor guión adaptado Julius J. Epstein Philip G. Epstein Howard Koch. 04aRomancevDramaxGuerra1 aCurtiz, Michael,edirector1 aWallis, Hal B.,eproductor1 4Edeson, Arthur,eDirector de fotografía1 aMarks s, Owen,eeditor1 aJulius J. eguionista1 aEpstein, Philip G.,1 aKoch, Howard,eguionista1 aMax Steineremúsico